000 00728nam a2200217Ii 4500
003 JO-AjNU
008 230605s9999||||xx |||||||||||||| ||und||
017 _a1992/7/410
040 _aJO-AjNU
_bara
_erda
_cJO-AjNU
041 _aara
050 1 4 _aPJ7864.A62.A15 1992
100 3 _aالطراونة، سليمان,
_eauthor
_949476
245 0 0 _aمقامات التحولات ((مجموعة نصية شبه قصصية))
250 _aط1
264 3 1 _aالكرك: مؤسسة رام للتكنولوجيا والكمبيوتر، 1992
300 _a179ص
336 _atext
_btxt
_2rdacontent
337 _aunmediated
_bn
_2rdamedia
338 _avolume
_bnc
_2rdacarrier
650 4 _aالأدب العربي - قصص
_949477
999 _aA21733
_c25301
_d25301